<?xml version="1.0" encoding="UTF-8"?>
<record
    xmlns:xsi="http://www.w3.org/2001/XMLSchema-instance"
    xsi:schemaLocation="http://www.loc.gov/MARC21/slim http://www.loc.gov/standards/marcxml/schema/MARC21slim.xsd"
    xmlns="http://www.loc.gov/MARC21/slim">

  <leader>02650nam a2200265 a 4500</leader>
  <controlfield tag="003">DO-SdBNP</controlfield>
  <controlfield tag="005">20220901123832.0</controlfield>
  <controlfield tag="007">ta</controlfield>
  <controlfield tag="008">220831e1951    dr ||||gr|||| 001 e spa d</controlfield>
  <datafield tag="040" ind1=" " ind2=" ">
    <subfield code="a">DO-SdBNP</subfield>
    <subfield code="b">spa</subfield>
    <subfield code="c">BNPHU</subfield>
  </datafield>
  <datafield tag="082" ind1=" " ind2="4">
    <subfield code="2">22</subfield>
    <subfield code="b">R457d</subfield>
  </datafield>
  <datafield tag="100" ind1="1" ind2=" ">
    <subfield code="9">3382</subfield>
    <subfield code="a">Reyes, Felix</subfield>
  </datafield>
  <datafield tag="245" ind1="1" ind2="0">
    <subfield code="a">Descripci&#xF3;n Hist&#xF3;rica de las antiguas haciendas, estancias y hatos, que durante la era colonial espa&#xF1;ola, , existieron en el partido de los ingenios de nigua, hoy San Cristobal: </subfield>
    <subfield code="b">a&#xF1;o 1950. /</subfield>
    <subfield code="c">Felix Reyes.</subfield>
  </datafield>
  <datafield tag="260" ind1=" " ind2=" ">
    <subfield code="a">Ciudad Trujillo :</subfield>
    <subfield code="b">Montalvo,</subfield>
    <subfield code="c">1951</subfield>
  </datafield>
  <datafield tag="300" ind1=" " ind2=" ">
    <subfield code="a">128  p. ;</subfield>
    <subfield code="c">22 cm.</subfield>
  </datafield>
  <datafield tag="505" ind1=" " ind2=" ">
    <subfield code="a">Advertencia.</subfield>
  </datafield>
  <datafield tag="505" ind1=" " ind2=" ">
    <subfield code="t">La antigua Hacienda de San Crist&#xF3;bal.--</subfield>
    <subfield code="t">La antigua Hacienda de Yam&#xE1;n.--</subfield>
    <subfield code="t">La antigua Hacienda de El Pedregar.--</subfield>
    <subfield code="t">La antigua Hacienda de Fundaci&#xF3;nl.--</subfield>
    <subfield code="t">La antigua Hacienda de Samangolal.--</subfield>
    <subfield code="t">La antigua Hacienda de San Gregorio de Nigua.--</subfield>
    <subfield code="t">La antigua Hacienda de Boca Nigua--</subfield>
    <subfield code="t">La antigua Hacienda de Hitabo.--</subfield>
    <subfield code="t">La antigua Hacienda de Sabana Botana.--</subfield>
    <subfield code="t">La antigua Hacienda de &#xC1;rbol Gordo.--</subfield>
    <subfield code="t">La antigua Hacienda de Parra.--</subfield>
    <subfield code="t">La antigua Hacienda de Villegas.--</subfield>
    <subfield code="t">La antigua Hacienda de Cambita Sterling.--</subfield>
    <subfield code="t">La antigua Hacienda de Cambita Pineda.--</subfield>
    <subfield code="t">La antigua Hacienda de Camba Arriba.--</subfield>
    <subfield code="t">La antigua Hacienda de Camba Abajo.--</subfield>
    <subfield code="t">La antigua Hacienda de San Miguel de la Jagua.--</subfield>
    <subfield code="t">La antigua Hacienda de San Sebasti&#xE1;n de Cumba.--</subfield>
  </datafield>
  <datafield tag="505" ind1=" " ind2=" ">
    <subfield code="t">La antigua Estancia de San Miguel de Boruga.--</subfield>
    <subfield code="t">La antigua Estancia de El Cacagual.--</subfield>
    <subfield code="t">La antigua Estancia de San Miguel.--</subfield>
    <subfield code="t">La antigua Estancia de Buena Vista.--</subfield>
    <subfield code="t">La antigua Estancia de Samangola.--</subfield>
    <subfield code="t">La antigua Estancia de San Isidro.--</subfield>
    <subfield code="t">La antigua Estancia de Sainag&#xFA;a.--</subfield>
    <subfield code="t">La antigua Estancia de Nigua.--</subfield>
    <subfield code="t">La antigua Estancia de Buenaventura.--</subfield>
    <subfield code="t">La antigua Estancia de Do&#xF1;a Ana.--</subfield>
    <subfield code="t">La antigua Estancia de Sabana Toro.--</subfield>
    <subfield code="t">La antigua Estancia de Cambita.--</subfield>
    <subfield code="t">La antigua Estancia de Ca&#xF1;a Boba.--</subfield>
    <subfield code="t">La antigua Estancia de El guayabal.--</subfield>
  </datafield>
  <datafield tag="505" ind1=" " ind2=" ">
    <subfield code="t">
El antiguo Hato del Yaguate.--</subfield>
    <subfield code="t">El antiguo Hato de Sabana Grande de Palenque.--</subfield>
    <subfield code="t">El antiguo Hato del Mayorazgo de Bastida.--</subfield>
    <subfield code="t">Los antiguos Hatos de Boca Nigua.--</subfield>
    <subfield code="t">El antiguo Hato de Boca Nigua.--</subfield>
    <subfield code="t">El antiguo Hato de La Buenaventura.--</subfield>
    <subfield code="t">El antiguo Hato del Yaguate</subfield>
    <subfield code="t">El antiguo Hato de los Montones.--</subfield>
    <subfield code="t">El antiguo Hato de las Damas.--</subfield>
    <subfield code="t">El antiguo Hato de Hatillo de Parra.--</subfield>
    <subfield code="t">Aclaraci&#xF3;n.--</subfield>
    <subfield code="t">La Toma.--</subfield>
    <subfield code="t">La Canalizaci&#xF3;n del Arroyo Bartolo.--</subfield>
    <subfield code="t">La peque&#xF1;as ruinas de Najayo Arriba.--</subfield>
  </datafield>
  <datafield tag="590" ind1=" " ind2=" ">
    <subfield code="a">Inventariado 2022 / MF</subfield>
  </datafield>
  <datafield tag="650" ind1=" " ind2="4">
    <subfield code="9">57564</subfield>
    <subfield code="a">San Crist&#xF3;bal </subfield>
    <subfield code="v">Historia</subfield>
    <subfield code="z">Rep&#xFA;blica Dominicana</subfield>
  </datafield>
  <datafield tag="651" ind1=" " ind2="4">
    <subfield code="9">78823</subfield>
    <subfield code="a">Rep&#xFA;blica  Dominicana</subfield>
    <subfield code="x">San Crist&#xF3;bal (provincia)</subfield>
    <subfield code="x">Historia</subfield>
  </datafield>
  <datafield tag="910" ind1=" " ind2=" ">
    <subfield code="a">MFeliz</subfield>
  </datafield>
  <datafield tag="942" ind1=" " ind2=" ">
    <subfield code="2">ddc</subfield>
    <subfield code="c">LBS1</subfield>
  </datafield>
  <datafield tag="952" ind1=" " ind2=" ">
    <subfield code="0">0</subfield>
    <subfield code="1">0</subfield>
    <subfield code="2">ddc</subfield>
    <subfield code="5">1</subfield>
    <subfield code="7">0</subfield>
    <subfield code="8">PD</subfield>
    <subfield code="a">BNPHU</subfield>
    <subfield code="b">BNPHU</subfield>
    <subfield code="c">CT</subfield>
    <subfield code="d">2014-07-31</subfield>
    <subfield code="e">Donado por Familia Reyes Duluc</subfield>
    <subfield code="l">0</subfield>
    <subfield code="o">R457d</subfield>
    <subfield code="p">2022-3868</subfield>
    <subfield code="r">2022-08-31</subfield>
    <subfield code="w">2022-08-31</subfield>
    <subfield code="y">LBS1</subfield>
  </datafield>
  <datafield tag="999" ind1=" " ind2=" ">
    <subfield code="c">52353</subfield>
    <subfield code="d">52353</subfield>
  </datafield>
</record>
